Slammed. (Record no. 2005)
[ view plain ]
| 000 -Etiqueta do registo | |
|---|---|
| Valores | 00694nam a2200265 4500 |
| 010 ## - Número ISBN | |
| ISBN | 9789895839834 |
| 021 ## - Número do Depósito Legal | |
| Código do país | Portugal |
| Número | 548727/25 |
| 100 ## - Dados gerais de processamento | |
| Dados gerais | 20251124d2025 m||y0pory50030103ba |
| 101 ## - Língua de publicação | |
| Língua | Português |
| 102 ## - País de publicação | |
| País | Portugal |
| 200 ## - Titulo e menção de responsabilidade | |
| Título próprio | Slammed. |
| Primeira menção de responsabilidade | Colleen Hoover |
| Outras menções de responsabilidade | trad. Susana Franco |
| 205 ## - Menção da edição | |
| Edição | 1ª edição |
| 210 ## - Publicação | |
| Local de publicação | Lisboa |
| Nome do editor | Topseller |
| Data de publicação | 2025 |
| 215 ## - Descrição física | |
| Paginação / Volumes | 319 p. |
| Dimensões | 23 cm |
| 300 ## - Notas gerais | |
| Texto da nota | BMB-Registado |
| 304 ## - Nota relativa ao título | |
| Texto de nota | Tít. orig.: Slammed |
| 606 ## - Nome comum usado como assunto | |
| ID Autoridade | 795 |
| Palavra de ordem | Literatura Americana |
| 606 ## - Nome comum usado como assunto | |
| ID Autoridade | 779 |
| Palavra de ordem | Romance |
| 675 ## - CDU | |
| Notação | 821.111(73)-31 |
| Edição | BMB |
| Língua | por |
| 700 ## - Autor principal (pessoa individual) | |
| Apelido | Hoover |
| Nome | Colleen |
| Datas | 1979- |
| ID Autoridade | 916 |
| 702 ## - Autor secundário (pessoa individual) | |
| ID Autoridade | 2879 |
| Apelido | Franco |
| Nome | Susana |
| Função | Tradutor |
| 801 ## - Fonte de origem | |
| País | PT |
| Agência | BMB |
| Regras de catalogação | RPC |
| 990 ## - Elementos KOHA | |
| Tipo de documento | Livro |
| Situação do levantamento | Estado | Biblioteca de origem | Código de barras | Cota | Permissão de empréstimo | Tipo de documento | Forma de aquisição |
|---|---|---|---|---|---|---|---|
| Biblioteca Municipal de Borba | 1955 | 821.111(73)-31 HOO / RIT | Livro | Compra |